Género, raza, sexualidad : debates contemporáneos

Este artículo busca trazar una revisión de las categorías género, raza y sexualidad, separadamente, para poder evidenciar su genealogía teórico política, así como los debates que han surgido en torno a ellas desde ciertos encuadres disciplinares. Se trata de definir cómo estas categorías tienen en c...

Full description

Bibliographic Details
Main Author: Curiel, Ochy
Format: Recurso en linea
Online Access:Acceso electrónico al documento

MARC

LEADER 00000cab a2200000 a 4500
001 024253
003 UAHC_CL
005 20250925165135.0
008 250925s2017 ck 000 spa d
040 |a UAHC_CL  |c UAHC_CL  |d UAHC_CL 
100 |a Curiel, Ochy  |9 13143 
245 1 0 |a Género, raza, sexualidad :  |b debates contemporáneos  |c Ochy Curiel. 
264 |a Colombia :  |b Pontificia Universidad Javeriana,  |c 2017. 
300 |a 10 páginas. 
500 |a En: Intervenciones en estudios culturales, volumen 3, número 4, 2017, entre las páginas 41-61. ISSN: 24224596. 
520 |a Este artículo busca trazar una revisión de las categorías género, raza y sexualidad, separadamente, para poder evidenciar su genealogía teórico política, así como los debates que han surgido en torno a ellas desde ciertos encuadres disciplinares. Se trata de definir cómo estas categorías tienen en común el cuestionamiento del determinismo biológico responsable de la prescripción de la otredad en la que negros, negras, indígenas, mujeres, lesbianas, gays, trans, se conciben como diferentes frente al paradigma moderno del hombre blanco, heterosexual y con privilegios de clase. Finalmente, se presentan las propuestas de interseccionalidad que surgen del feminismo, especialmente en América Latina y el Caribe.  
856 |3 Acceso electrónico al documento  |u http://portal.amelica.org/ameli/jatsRepo/53/5312003/5312003.pdf 
942 |c RL  |2 ddc 
952 |0 0  |1 0  |4 0  |6 RECURSO_ELECTRÓNICO  |7 0  |8 COMP  |9 101329  |a BR  |b BR  |c Digital  |d 2025-09-25  |l 0  |o Recurso electrónico  |r 2025-09-25 16:56:42  |w 2025-09-25  |y RL  |B SOC 
999 |c 63049  |d 63049